[Event "AUS Masters GM"]
[Site "Melbourne AUS"]
[Date "2013.12.14"]
[Round "1.1"]
[White "Solomon, Stephen J."]
[Black "Smirnov, Anton"]
[Result "1/2-1/2"]
[WhiteTitle "IM"]
[BlackTitle "FM"]
[WhiteElo "2386"]
[BlackElo "2318"]
[WhiteFideId "3200043"]
[BlackFideId "3208923"]
[EventDate "2013.12.14"]
[EventType "tourn"]

1. e4 c5 2. Nf3 d6 3. d4 cxd4 4. Nxd4 Nf6 5. Nc3 a6 6. Be2 e5 7. Nb3 Be7 8. O-O
O-O 9. Be3 Be6 10. a4 Nbd7 11. a5 Rc8 12. Bf3 h6 13. Nc1 Rc4 14. N1e2 Qc7 15.
Qd2 Rc8 16. Rfd1 Bf8 17. h3 Nc5 18. Ng3 Qd7 19. Qe1 Na4 20. Nxa4 Rxa4 21. Qd2
Rxa1 22. Rxa1 d5 23. exd5 Nxd5 24. Rd1 Rd8 25. Ba7 Qc8 26. Qe2 Nb4 27. Rxd8 Qxd8
28. c3 Nd5 29. c4 Nb4 30. Bb6 Qb8 31. b3 Nc6 32. Bd5 Bxd5 33. cxd5 Nb4 34. Qc4
Qd6 35. Nf5 Qxd5 36. Qc8 Qe6 37. Qxe6 fxe6 38. Ne3 Nc6 39. Nc4 Kf7 40. Kf1 Kf6
41. Ke2 Nd4+ 42. Bxd4 exd4 43. Kd3 Bc5 44. Ke4 Ke7 45. f4 Kd8 46. g4 Kc7 47. h4
Kd8 48. h5 Ke8 49. Nb2 Bb4 50. Nc4 Bc5 1/2-1/2

[Event "AUS Masters GM"]
[Site "Melbourne AUS"]
[Date "2013.12.14"]
[Round "1.2"]
[White "Morris, James"]
[Black "Tu, Hoang Thong"]
[Result "0-1"]
[WhiteTitle "IM"]
[BlackTitle "GM"]
[WhiteElo "2398"]
[BlackElo "2414"]
[WhiteFideId "3205800"]
[BlackFideId "12400076"]
[EventDate "2013.12.14"]
[EventType "tourn"]

1. e4 e5 2. Nf3 Nc6 3. Bc4 Be7 4. O-O Nf6 5. Re1 O-O 6. d4 d6 7. h3 h6 8. Bf1
Nh7 9. c3 Bg5 10. Nxg5 Nxg5 11. Na3 a6 12. Nc2 Qf6 13. h4 Nh7 14. g3 Qg6 15. Bg2
Bg4 16. Qd3 f5 17. Ne3 f4 18. Nxg4 Qxg4 19. gxf4 Qxh4 20. Qg3 Qxg3 21. fxg3 exd4
22. e5 dxe5 23. fxe5 Rad8 24. e6 Rfe8 25. Bf4 Re7 26. cxd4 Nxd4 27. Bxb7 c6 28.
Bxa6 Nf3+ 29. Kf2 Nxe1 30. Rxe1 Nf6 31. Bc4 Nd5 32. a4 Nxf4 33. gxf4 Rd4 34. b3
Rxf4+ 35. Ke3 g5 36. a5 Kf8 37. a6 Ra7 38. Rh1 Kg7 39. Rd1 Kf6 40. Rd8 Rxc4 41.
bxc4 Rxa6 42. Rh8 Kxe6 43. Ke4 Kd6 44. Rxh6+ Kc5 45. Rg6 Kxc4 46. Rxg5 c5 47.
Ke3 Rd6 0-1

[Event "AUS Masters GM"]
[Site "Melbourne AUS"]
[Date "2013.12.14"]
[Round "1.3"]
[White "Papin, Vasily"]
[Black "Johansen, Darryl K."]
[Result "1/2-1/2"]
[WhiteTitle "GM"]
[BlackTitle "GM"]
[WhiteElo "2514"]
[BlackElo "2409"]
[WhiteFideId "4143183"]
[BlackFideId "3200035"]
[EventDate "2013.12.14"]
[EventType "tourn"]

1. c4 c5 2. g3 e6 3. Bg2 d5 4. cxd5 exd5 5. d4 cxd4 6. Nf3 Bb4+ 7. Nbd2 d3 8. e3
Nc6 9. O-O Nf6 10. Nb3 Bf5 11. Nh4 Bg4 12. Qxd3 Qd7 13. Nf3 O-O 14. Nbd4 Rfe8
15. b3 Bf8 16. Bb2 Nb4 17. Qb1 Ne4 18. a3 Na6 19. b4 Nc7 20. Qd3 a5 21. Nd2 Nxd2
22. Qxd2 axb4 23. axb4 Bh3 24. Rxa8 Rxa8 25. Bxh3 Qxh3 26. Rc1 Qd7 27. h4 1/2-1/2

[Event "AUS Masters GM"]
[Site "Melbourne AUS"]
[Date "2013.12.14"]
[Round "1.4"]
[White "Miezis, Normunds"]
[Black "Li, Zuhao Luke"]
[Result "1-0"]
[WhiteTitle "GM"]
[BlackTitle "FM"]
[WhiteElo "2554"]
[BlackElo "2349"]
[WhiteFideId "11600136"]
[BlackFideId "4303431"]
[EventDate "2013.12.14"]
[EventType "tourn"]

1. c4 Nf6 2. Nc3 e6 3. e4 d5 4. exd5 exd5 5. d4 Bb4 6. Bd3 O-O 7. Ne2 dxc4 8.
Bxc4 h6 9. O-O Bd6 10. Nb5 Nc6 11. Nxd6 cxd6 12. Bb3 Bg4 13. f3 Bf5 14. g4 Bh7
15. g5 hxg5 16. Bxg5 d5 17. Nf4 Qd6 18. Qd2 a5 19. a3 Bf5 20. Kh1 Ne7 21. Rg1
Ng6 22. Bxf6 Qxf6 23. Nxd5 Qd6 24. Rg5 Be6 25. Rag1 Rfd8 26. Qe3 Re8 27. Nf6+
gxf6 28. Rxg6+ fxg6 29. Qh6 Kf7 30. Qh7+ Kf8 31. Rxg6 Qd7 32. Rxf6+ 1-0

[Event "AUS Masters GM"]
[Site "Melbourne AUS"]
[Date "2013.12.14"]
[Round "1.5"]
[White "Cheng, Bobby"]
[Black "Illingworth, Max"]
[Result "0-1"]
[WhiteTitle "IM"]
[BlackTitle "IM"]
[WhiteElo "2440"]
[BlackElo "2430"]
[WhiteFideId "4300033"]
[BlackFideId "3205207"]
[EventDate "2013.12.14"]
[EventType "tourn"]

1. d4 Nf6 2. c4 g6 3. Nc3 d5 4. Bg5 Bg7 5. Bxf6 Bxf6 6. cxd5 c5 7. dxc5 Nd7 8.
Rc1 Qa5 9. e3 O-O 10. Qb3 Nxc5 11. Qb5 Qc7 12. Nf3 Bd7 13. Qe2 b5 14. Qd2 Rac8
15. Nd4 b4 16. Nce2 Qd6 17. Ng3 Qxd5 18. Bc4 Qxg2 19. f3 Qh3 20. Nde2 Qh4 21.
Nf4 Rfd8 22. Rd1 Na4 23. Qd5 e6 24. Qb7 Nb6 25. Qxa7 Nxc4 26. Rxd7 Rxd7 27. Qxd7
Rd8 28. Qa7 Bxb2 29. Ne2 Bc3+ 30. Kf2 Bd2 31. Qc7 Bxe3+ 32. Kg2 Bb6 33. Qc6 Rd2
34. Rc1 Ne3+ 35. Kh1 Qh3 36. Rg1 Nd5 37. Re1 Nf4 38. Qc8+ Kg7 0-1

[Event "AUS Masters GM"]
[Site "Melbourne AUS"]
[Date "2013.12.15"]
[Round "2.1"]
[White "Smirnov, Anton"]
[Black "Illingworth, Max"]
[Result "1/2-1/2"]
[WhiteTitle "FM"]
[BlackTitle "IM"]
[WhiteElo "2318"]
[BlackElo "2430"]
[WhiteFideId "3208923"]
[BlackFideId "3205207"]
[EventDate "2013.12.14"]
[EventType "tourn"]

1. e4 c5 2. Nf3 Nc6 3. d4 cxd4 4. Nxd4 Qc7 5. Be3 Nf6 6. Nc3 e6 7. Be2 a6 8. O-O
Bb4 9. Nxc6 bxc6 10. Kh1 O-O 11. Na4 Rb8 12. Nc5 Rd8 13. Nxa6 Bxa6 14. Bxa6 Nxe4
15. Bd3 Nf6 16. a4 d5 17. c3 Bd6 18. Qe2 c5 19. a5 Bf4 20. Ra2 Bxe3 21. fxe3 c4
22. Bc2 e5 23. Bf5 Rd6 24. Qf2 Ra6 25. Qg3 Re8 26. Rfa1 g6 27. Bc2 Rea8 28. h3
Nd7 29. b4 cxb3 30. Bxb3 Rxa5 31. Bxd5 Rxa2 32. Rxa2 Rxa2 33. Bxa2 Nb6 34. Qf3
Kg7 35. Bb3 f5 36. e4 f4 37. Qd3 Nd7 38. Qc4 Qxc4 39. Bxc4 Nc5 40. Bd5 g5 41.
Kg1 Kf6 42. Kf2 Ke7 43. Kf3 h5 44. c4 Nd7 45. g3 Kd6 46. Bf7 Nf6 47. gxf4 gxf4
48. h4 Kc5 49. Be6 Kd4 50. Bd5 Ng4 51. Bf7 Ne3 52. Bxh5 Nxc4 53. Bg6 Nd2+ 54.
Ke2 Nxe4 55. h5 Ng5 56. h6 f3+ 57. Ke1 e4 58. h7 Nxh7 59. Bxh7 e3 60. Bg6 Ke5
61. Bh5 Kf4 62. Bxf3 Kxf3 1/2-1/2

[Event "AUS Masters GM"]
[Site "Melbourne AUS"]
[Date "2013.12.15"]
[Round "2.3"]
[White "Johansen, Darryl K."]
[Black "Miezis, Normunds"]
[Result "0-1"]
[WhiteTitle "GM"]
[BlackTitle "GM"]
[WhiteElo "2409"]
[BlackElo "2554"]
[WhiteFideId "3200035"]
[BlackFideId "11600136"]
[EventDate "2013.12.14"]
[EventType "tourn"]

1. c4 c5 2. Nf3 Nf6 3. Nc3 Nc6 4. e3 e5 5. Be2 Be7 6. d4 exd4 7. exd4 d5 8. cxd5
Nxd5 9. O-O O-O 10. Nxd5 Qxd5 11. dxc5 Qxd1 12. Rxd1 Bxc5 13. Bd2 Re8 14. Kf1
Be6 15. Bc3 h6 16. Nd4 Nxd4 17. Bxd4 Bxd4 18. Rxd4 Rac8 19. Rd2 Rc5 20. Rad1 g5
21. b3 Kg7 22. Bf3 b6 23. Bd5 Bf5 24. b4 Rc3 25. Bb3 Re7 26. f3 Rec7 27. Ke2 g4
28. Rd4 h5 29. Bd5 Kf6 30. R1d2 Kg5 31. Kf2 Re7 32. Bb3 gxf3 33. h4+ Kf6 34.
Rd6+ Kg7 35. gxf3 Ree3 36. Bd1 Be6 37. R6d4 Re5 38. R4d3 Rc4 39. Rd4 Rxd4 40.
Rxd4 Bxa2 41. f4 Rf5 42. Bc2 Rd5 43. Ke3 a5 44. Rxd5 Bxd5 45. bxa5 bxa5 46. Bd1
Kg6 47. Kd4 Be6 48. Kc5 Bg4 49. Bc2+ Bf5 50. Bd1 Bd7 51. Kd6 Bg4 52. Bc2+ Bf5
53. Bd1 f6 54. Kc5 Bd7 55. Bc2+ Kg7 56. Bd1 Be8 57. f5 Kf8 58. Be2 Ke7 59. Bc4
a4 60. Kb4 Kd6 61. Bg8 Ke5 62. Bh7 Bc6 63. Bg6 Bf3 64. Kxa4 Kf4 65. Kb4 Kg4 0-1

[Event "AUS Masters GM"]
[Site "Melbourne AUS"]
[Date "2013.12.15"]
[Round "2.4"]
[White "Tu, Hoang Thong"]
[Black "Papin, Vasily"]
[Result "1/2-1/2"]
[WhiteTitle "GM"]
[BlackTitle "GM"]
[WhiteElo "2414"]
[BlackElo "2514"]
[WhiteFideId "12400076"]
[BlackFideId "4143183"]
[EventDate "2013.12.14"]
[EventType "tourn"]

1. d4 Nf6 2. c4 e6 3. g3 c5 4. Nf3 cxd4 5. Nxd4 Qc7 6. Nd2 b6 7. Bg2 Bb7 8. Nb5
Qc8 9. Bxb7 Qxb7 10. Nf3 Ne4 11. O-O a6 12. Nbd4 Be7 13. Be3 O-O 14. Rc1 d6 15.
Nd2 Nf6 16. b4 Ng4 17. Qb3 Nd7 18. h3 Nxe3 19. Qxe3 Rfc8 20. a3 Rc7 21. b5 axb5
22. Nxb5 Rc6 23. Rb1 Rac8 24. Rb4 Qa6 25. Nd4 R6c7 26. Nb5 Rc6 27. Nd4 Rc5 28.
Rfb1 h6 29. Rb5 R8c7 30. h4 Qa8 31. R5b3 Rc8 32. Rb5 R8c7 33. R5b3 Rc8 34. Rb5 1/2-1/2

[Event "AUS Masters GM"]
[Site "Melbourne AUS"]
[Date "2013.12.15"]
[Round "2.5"]
[White "Solomon, Stephen J."]
[Black "Morris, James"]
[Result "1-0"]
[WhiteTitle "IM"]
[BlackTitle "IM"]
[WhiteElo "2386"]
[BlackElo "2398"]
[WhiteFideId "3200043"]
[BlackFideId "3205800"]
[EventDate "2013.12.14"]
[EventType "tourn"]

1. e4 e5 2. Nf3 Nc6 3. Bb5 a6 4. Ba4 Nf6 5. O-O b5 6. Bb3 Be7 7. Re1 d6 8. c3
O-O 9. h3 Na5 10. Bc2 c5 11. d4 Nd7 12. Nbd2 exd4 13. cxd4 Nc6 14. Nf1 Bf6 15.
e5 dxe5 16. Be4 Bb7 17. dxe5 Ndxe5 18. Nxe5 Qxd1 19. Rxd1 Bxe5 20. Rd7 Rab8 21.
Rxb7 Rxb7 22. Bxc6 Rc7 23. Bf3 c4 24. Ne3 f5 25. Kf1 g6 26. Rb1 Rd7 27. Nd5 Kg7
28. Be3 f4 29. Bb6 h5 30. h4 b4 31. Bc5 Rb8 32. Rc1 b3 33. axb3 cxb3 34. Ba3
Rbd8 35. Rd1 a5 36. Rd3 a4 37. Be4 Rc8 38. Nxf4 Rc1+ 39. Ke2 Rc2+ 40. Ke3 Bxf4+
41. Kxf4 Rxd3 42. Bxd3 Rxf2+ 43. Kg3 Rd2 44. Be4 Kf6 45. Bb4 Rd1 46. Kf4 Ke6 47.
Ke3 Rh1 48. g3 Rh2 49. Bc3 Kf7 50. Bc6 a3 51. Bd5+ Ke8 52. bxa3 b2 53. Be4 Rh3
54. Kf4 g5+ 55. hxg5 h4 56. Bxb2 Rxg3 57. g6 Rg1 58. Bd4 Rf1+ 59. Kg4 h3 60.
Kxh3 Rf4 61. g7 1-0

[Event "AUS Masters GM"]
[Site "Melbourne AUS"]
[Date "2013.12.16"]
[Round "3.4"]
[White "Cheng, Bobby"]
[Black "Johansen, Darryl K."]
[Result "0-1"]
[WhiteTitle "IM"]
[BlackTitle "GM"]
[WhiteElo "2440"]
[BlackElo "2409"]
[WhiteFideId "4300033"]
[BlackFideId "3200035"]
[EventDate "2013.12.14"]
[EventType "tourn"]

1. d4 d6 2. c4 e5 3. d5 g6 4. Nc3 Nd7 5. e4 a5 6. Bd3 Bh6 7. Bxh6 Nxh6 8. h4 Nc5
9. Bc2 Bd7 10. Qd2 Ng8 11. h5 g5 12. h6 Qf6 13. Rh5 Nxh6 14. Qxg5 Qxg5 15. Rxg5
Ke7 16. f3 Rag8 17. Rxg8 Rxg8 18. Kf2 f5 19. Nge2 f4 20. Rh1 Rg6 21. g3 fxg3+
22. Nxg3 Kf8 23. Nd1 Rf6 24. Kg2 Kg8 25. Ne3 Nf7 26. Ngf5 Bxf5 27. Nxf5 Nh8 28.
Kf2 Ng6 29. Rh6 Rf8 30. b3 Nf4 31. Ke3 Kh8 32. a3 Rg8 33. Rf6 Rg2 34. Rf8+ Rg8
35. Rf7 Rg2 36. Bd1 h5 37. b4 axb4 38. axb4 Na6 39. c5 Nxb4 40. Rf8+ Kh7 41.
Rf7+ Kg8 42. Nh6+ Kh8 43. Rxf4 exf4+ 44. Kxf4 Nd3+ 45. Kf5 Nxc5 46. Nf7+ Kg7 47.
Ng5 Rd2 48. Ba4 Nxa4 49. Ne6+ Kf7 50. Nxc7 Nc5 51. f4 h4 52. Kg4 Nxe4 53. Kxh4
Nf6 54. Kg5 Nxd5 55. Nb5 Ne7 0-1

[Event "AUS Masters GM"]
[Site "Melbourne AUS"]
[Date "2013.12.16"]
[Round "3.5"]
[White "Illingworth, Max"]
[Black "Li, Zuhao Luke"]
[Result "1/2-1/2"]
[WhiteTitle "IM"]
[BlackTitle "FM"]
[WhiteElo "2430"]
[BlackElo "2349"]
[WhiteFideId "3205207"]
[BlackFideId "4303431"]
[EventDate "2013.12.14"]
[EventType "tourn"]

1. c4 e6 2. Nc3 Nf6 3. e4 d5 4. cxd5 exd5 5. e5 Ne4 6. d4 Bb4 7. Qa4+ Nc6 8. Bb5
Bd7 9. Ne2 O-O 10. O-O Bxc3 11. bxc3 a6 12. Bxc6 Bxc6 13. Qc2 Bb5 14. a4 Bc4 15.
f3 Ng5 16. Ba3 Re8 17. f4 Ne4 18. f5 Qg5 19. Rf3 Qd2 20. Qxd2 Nxd2 21. Re3 Bxe2
22. Rxe2 Nc4 23. Bc1 c5 24. Rb1 cxd4 25. cxd4 Rab8 26. Ra2 b5 27. axb5 Rxb5 28.
Rxb5 axb5 29. Bd2 f6 30. e6 g6 31. Bb4 Ne3 32. fxg6 hxg6 33. Ra6 Nf5 34. Bc5 Ng7
35. e7 Kf7 36. Kf2 Nf5 37. Rb6 Nxe7 38. Rxb5 Nc6 39. Rb6 Rc8 40. h4 Rc7 41. Kf3
Nd8 42. Ke3 Ne6 43. Rb5 f5 44. g3 Kf6 45. Rb6 Kf7 46. Rb5 Kf6 47. Ra5 Rc6 48.
Kd2 Nxc5 49. Rxc5 Rxc5 50. dxc5 Ke6 51. Ke3 Kd7 52. Kd3 1/2-1/2

[Event "AUS Masters GM"]
[Site "Melbourne AUS"]
[Date "2013.12.17"]
[Round "4.1"]
[White "Smirnov, Anton"]
[Black "Li, Zuhao Luke"]
[Result "1/2-1/2"]
[WhiteTitle "FM"]
[BlackTitle "FM"]
[WhiteElo "2318"]
[BlackElo "2349"]
[WhiteFideId "3208923"]
[BlackFideId "4303431"]
[EventDate "2013.12.14"]
[EventType "tourn"]

1. e4 e5 2. Nf3 Nc6 3. Bb5 a6 4. Ba4 Nf6 5. O-O Be7 6. Re1 b5 7. Bb3 d6 8. c3
O-O 9. h3 Nb8 10. d4 Nbd7 11. Nbd2 Bb7 12. Bc2 Re8 13. a4 c5 14. d5 c4 15. b4
cxb3 16. Nxb3 Qc7 17. Bd3 bxa4 18. Rxa4 Reb8 19. Bd2 Bc8 20. c4 Rxb3 21. Qxb3
Nc5 22. Qc2 Nxa4 23. Qxa4 Nd7 24. Ba5 Qa7 25. Rb1 Bf8 26. Qa3 Rb8 27. Rxb8 Qxb8
28. Bb4 Qb6 29. Nd2 Be7 30. Kf1 g6 31. Nb3 Kg7 32. Bc2 h5 33. Na5 Bh4 34. g3 Be7
35. Kg2 Bb7 36. Bd2 Nc5 37. Be3 f6 38. h4 Kf7 39. Nb3 Bc8 40. Bd1 Qc7 41. Nxc5
dxc5 42. Kf1 Qb6 43. Bc2 Bd6 44. Ke1 Bd7 45. Kd1 Ke7 46. Kc1 Bg4 47. Bd2 Kf7 48.
Qe3 Bf8 49. f3 Bd7 50. f4 Bg4 51. Ba4 Bg7 52. Bc3 Bh6 53. Kc2 Qb8 54. Bd2 Bf8
55. Bc6 f5 56. d6 Bxd6 57. Bd5+ Ke8 58. Bc3 exf4 59. gxf4 Bxf4 60. Qxc5 Bd1+ 61.
Kxd1 Qb3+ 62. Ke2 Qxc3 63. Qc8+ Ke7 64. Qb7+ Kd8 65. Qa8+ Ke7 66. Qa7+ Kd8 67.
Qa8+ Ke7 68. Qa7+ Kd8 69. Qa8+ Ke7 1/2-1/2

[Event "AUS Masters GM"]
[Site "Melbourne AUS"]
[Date "2013.12.17"]
[Round "4.2"]
[White "Johansen, Darryl K."]
[Black "Illingworth, Max"]
[Result "1/2-1/2"]
[WhiteTitle "GM"]
[BlackTitle "IM"]
[WhiteElo "2409"]
[BlackElo "2430"]
[WhiteFideId "3200035"]
[BlackFideId "3205207"]
[EventDate "2013.12.14"]
[EventType "tourn"]

1. c4 g6 2. e4 d6 3. d4 e5 4. Ne2 Nc6 5. Nbc3 Bg7 6. Be3 Nh6 7. d5 Ne7 8. f3 f5
9. Qd2 Nf7 10. O-O-O O-O 11. Kb1 a6 12. c5 f4 13. Bf2 dxc5 14. Bxc5 Nd6 15. Nc1
Bd7 16. Bd3 Rf7 17. Qe2 g5 18. Nb3 Bf8 19. Bf2 c6 20. Bc5 Rf6 21. Bxd6 Rxd6 22.
Nc5 Bc8 23. Bc4 Kh8 24. Bb3 b5 25. Ne6 Bxe6 26. dxe6 Rd4 27. Qc2 c5 28. Bd5 Rc8
29. Bb7 Rb8 30. Bd5 Rc8 31. Bb7 Rb8 32. Bd5 Rc8 1/2-1/2

[Event "AUS Masters GM"]
[Site "Melbourne AUS"]
[Date "2013.12.17"]
[Round "4.3"]
[White "Tu, Hoang Thong"]
[Black "Cheng, Bobby"]
[Result "1-0"]
[WhiteTitle "GM"]
[BlackTitle "IM"]
[WhiteElo "2414"]
[BlackElo "2440"]
[WhiteFideId "12400076"]
[BlackFideId "4300033"]
[EventDate "2013.12.14"]
[EventType "tourn"]

1. e4 c6 2. b3 d5 3. Bb2 dxe4 4. Nc3 Nf6 5. Qe2 Bf5 6. h3 h5 7. g3 e6 8. Bg2 Bb4
9. O-O-O Bxc3 10. dxc3 Qb6 11. f3 exf3 12. Nxf3 Nbd7 13. Ne5 Nxe5 14. Qxe5 O-O
15. c4 Rfd8 16. Rdf1 Qb4 17. Qe3 Ne8 18. g4 Bg6 19. gxh5 Bxh5 20. Be4 f6 21.
Rhg1 Qd6 22. Bd3 e5 23. Qh6 Bf7 24. Kb1 Qc5 25. Bc1 Rxd3 26. cxd3 a5 27. Rg3 Qe7
28. Rfg1 Be6 29. Qh4 Rd8 30. Bh6 Bf5 31. Bxg7 Nxg7 32. Qh6 Rd7 33. Rxg7+ Qxg7
34. Rxg7+ Rxg7 35. Qxf6 Bxd3+ 36. Kb2 e4 37. Qd8+ Kh7 38. Qxa5 b5 39. Kc3 Rg6
40. Qc7+ Kh6 41. Qf4+ Kg7 42. Qe5+ Kf7 43. h4 Re6 44. Qf5+ Ke7 45. h5 Bb1 46. a4
bxa4 47. bxa4 Rf6 48. Qg5 Kf7 49. h6 e3 50. Qg7+ Ke6 51. h7 e2 52. Qxf6+ 1-0

[Event "AUS Masters GM"]
[Site "Melbourne AUS"]
[Date "2013.12.17"]
[Round "4.5"]
[White "Morris, James"]
[Black "Papin, Vasily"]
[Result "1/2-1/2"]
[WhiteTitle "IM"]
[BlackTitle "GM"]
[WhiteElo "2398"]
[BlackElo "2514"]
[WhiteFideId "3205800"]
[BlackFideId "4143183"]
[EventDate "2013.12.14"]
[EventType "tourn"]

1. Nf3 c5 2. g3 b6 3. Bg2 Bb7 4. O-O Nf6 5. d3 g6 6. e4 d6 7. Nbd2 Bg7 8. c3 O-O
9. Ne1 Nc6 10. f4 Nd7 11. Ndf3 b5 12. Nc2 b4 13. c4 a5 14. Rb1 Nd4 15. Ne3 Nxf3+
16. Bxf3 Nb8 17. h4 Nc6 18. h5 Nd4 19. Bg2 f5 20. hxg6 hxg6 21. exf5 Bxg2 22.
Kxg2 gxf5 23. Nc2 Ra7 24. Nxd4 cxd4 25. Qf3 Qa8 26. a3 Qxf3+ 27. Kxf3 Rb8 28. a4
e5 29. g4 Rf8 30. Bd2 Raf7 31. gxf5 Rxf5 32. Ke4 R8f7 33. Rf3 Kf8 34. Rg1 Bh6
35. Rg6 d5+ 36. cxd5 Bxf4 37. Ra6 Kg7 38. Rxa5 b3 39. d6 Bxd2 40. Rxf5 Bxa5 1/2-1/2

[Event "AUS Masters GM"]
[Site "Melbourne AUS"]
[Date "2013.12.18"]
[Round "5.1"]
[White "Papin, Vasily"]
[Black "Smirnov, Anton"]
[Result "1/2-1/2"]
[WhiteTitle "GM"]
[BlackTitle "FM"]
[WhiteElo "2514"]
[BlackElo "2318"]
[WhiteFideId "4143183"]
[BlackFideId "3208923"]
[EventDate "2013.12.14"]
[EventType "tourn"]

1. d4 Nf6 2. c4 g6 3. Nc3 d5 4. cxd5 Nxd5 5. Bd2 Bg7 6. e4 Nxc3 7. Bxc3 O-O 8.
Qd2 c5 9. d5 Qd6 10. Nf3 Nd7 11. Bxg7 Kxg7 12. Qc3+ f6 13. Be2 a6 14. a4 Ne5 15.
a5 Nxf3+ 16. Bxf3 Bd7 17. O-O e5 18. dxe6 Bxe6 19. Rac1 Rac8 20. e5 Qxe5 21.
Bxb7 Qxc3 22. Rxc3 Rb8 23. Bxa6 Ra8 24. Bc4 Bxc4 25. Rxc4 Rxa5 26. Rfc1 Rb8 27.
Rxc5 Rxc5 28. Rxc5 Rxb2 29. g3 g5 30. Kg2 Kg6 31. Rc8 1/2-1/2

[Event "AUS Masters GM"]
[Site "Melbourne AUS"]
[Date "2013.12.18"]
[Round "5.2"]
[White "Miezis, Normunds"]
[Black "Morris, James"]
[Result "1-0"]
[WhiteTitle "GM"]
[BlackTitle "IM"]
[WhiteElo "2554"]
[BlackElo "2398"]
[WhiteFideId "11600136"]
[BlackFideId "3205800"]
[EventDate "2013.12.14"]
[EventType "tourn"]

1. c4 f5 2. Nc3 Nf6 3. g3 g6 4. Bg2 Bg7 5. d3 Nc6 6. e4 d6 7. Nge2 O-O 8. O-O e5
9. f3 Nd7 10. Be3 Nc5 11. Qd2 a5 12. Nd5 Rf7 13. Rad1 Nd4 14. Nxd4 exd4 15. Bh6
Be6 16. Bxg7 Rxg7 17. Nf4 Qf6 18. b3 Bf7 19. exf5 gxf5 20. Rfe1 h5 21. Qe2 Re8
22. Qxe8+ Bxe8 23. Rxe8+ Kh7 24. Nxh5 Qg6 25. Nxg7 Kxg7 26. Rde1 f4 27. g4 Qxd3
28. h4 Kg6 29. Kh2 Qd2 30. R1e2 Qc3 31. R2e7 d3 32. Rg8+ Kf6 33. Rge8 Qb2 34.
g5+ Kg6 35. Rg8+ Kf5 36. Rf8+ Kg6 37. Kh3 d2 38. Kg4 Qg7 39. h5+ Kh7 40. g6+ Kh6
41. Rxg7 Kxg7 42. Rf7+ Kg8 43. h6 Ne6 44. h7+ Kh8 45. Re7 Ng7 46. Rxc7 1-0

[Event "AUS Masters GM"]
[Site "Melbourne AUS"]
[Date "2013.12.18"]
[Round "5.3"]
[White "Cheng, Bobby"]
[Black "Solomon, Stephen J."]
[Result "1-0"]
[WhiteTitle "IM"]
[BlackTitle "IM"]
[WhiteElo "2440"]
[BlackElo "2386"]
[WhiteFideId "4300033"]
[BlackFideId "3200043"]
[EventDate "2013.12.14"]
[EventType "tourn"]

1. d4 d5 2. c4 e6 3. Nf3 Nf6 4. g3 dxc4 5. Bg2 Nc6 6. O-O Rb8 7. Nc3 b5 8. Ne5
Nxe5 9. dxe5 Nd7 10. Qc2 Nxe5 11. Be3 Bd6 12. Bxa7 Bd7 13. Bxb8 Qxb8 14. a4 bxa4
15. Nxa4 O-O 16. Rfd1 f5 17. e3 g5 18. Rd4 g4 19. Nc3 Qb6 20. Rad1 Qc5 21. b3
Bc6 22. e4 f4 23. gxf4 Rxf4 24. Ne2 Nf3+ 25. Bxf3 gxf3 26. Nxf4 Bxf4 27. Rd8+
Kg7 28. Qc3+ Qe5 29. Qxe5+ Bxe5 30. bxc4 Kg6 31. R1d3 Bxe4 32. Re3 Bf6 33. Rd7
Kf5 34. Rxc7 h6 35. c5 Bd4 36. Rf7+ Ke5 37. Rxe4+ Kxe4 38. c6 1-0

[Event "AUS Masters GM"]
[Site "Melbourne AUS"]
[Date "2013.12.18"]
[Round "5.4"]
[White "Illingworth, Max"]
[Black "Tu, Hoang Thong"]
[Result "1-0"]
[WhiteTitle "IM"]
[BlackTitle "GM"]
[WhiteElo "2430"]
[BlackElo "2414"]
[WhiteFideId "3205207"]
[BlackFideId "12400076"]
[EventDate "2013.12.14"]
[EventType "tourn"]

1. e4 Nf6 2. e5 Nd5 3. d4 d6 4. c4 Nb6 5. exd6 exd6 6. Nc3 Be7 7. Bd3 O-O 8.
Nge2 Nc6 9. O-O Bf6 10. Be3 Nb4 11. b3 Nxd3 12. Qxd3 c6 13. Rad1 Bg4 14. f3 Bh5
15. Nf4 Bg6 16. Nxg6 hxg6 17. d5 c5 18. Ne4 Be7 19. Bf4 f5 20. Nf2 Nd7 21. Rfe1
g5 22. Bc1 g6 23. Bb2 Bf6 24. Bxf6 Rxf6 25. Qe3 Rf7 26. Nh3 f4 27. Qe6 Nf8 28.
Qe4 Rc8 29. Re2 Qf6 30. Nf2 a6 31. Qd3 Qf5 32. Qc3 b5 33. Ng4 Kh7 34. Rde1 Rcc7
35. Re8 bxc4 36. bxc4 Rb7 37. h3 Rb1 38. Kh2 Rxe1 39. Qxe1 Kg7 40. Qc3+ Kh7 41.
Rd8 1-0

[Event "AUS Masters GM"]
[Site "Melbourne AUS"]
[Date "2013.12.18"]
[Round "5.5"]
[White "Li, Zuhao Luke"]
[Black "Johansen, Darryl K."]
[Result "1/2-1/2"]
[WhiteTitle "FM"]
[BlackTitle "GM"]
[WhiteElo "2349"]
[BlackElo "2409"]
[WhiteFideId "4303431"]
[BlackFideId "3200035"]
[EventDate "2013.12.14"]
[EventType "tourn"]

1. d4 d5 2. c4 e6 3. Nc3 Be7 4. cxd5 exd5 5. Bf4 c6 6. Qc2 Nf6 7. e3 Nh5 8. Be5
Nd7 9. Be2 Nxe5 10. dxe5 g6 11. Bxh5 gxh5 12. Nf3 f6 13. O-O-O fxe5 14. Nxe5 O-O
15. Qe2 Qe8 16. f4 Bf6 17. h3 Bxe5 18. fxe5 Qxe5 19. e4 dxe4 20. Qxe4 Qxe4 21.
Nxe4 Bf5 22. Rhe1 Bg6 23. Rd6 Rf4 24. Nf6+ Kf7 25. Nd7 Re8 26. Ne5+ Kg8 27. Kd1
Bf5 28. Re3 h4 29. Ke2 Re4 30. Rxe4 Bxe4 31. Nd7 Bd5+ 32. Kf2 Re6 33. Rxe6 Bxe6
34. Nc5 Bxa2 35. Nxb7 Bd5 36. Nd6 Be6 37. Ne4 Kg7 38. Ng5 Bd5 39. b4 Kg6 40. Nf3
Kf5 41. Ke3 Ke6 42. Nxh4 Kd6 43. Kd4 Be6 44. g4 Bd5 45. Nf5+ Ke6 46. Ne3 Bf3 47.
g5 Bh5 48. h4 Bf3 49. Kc5 Ke5 50. Nc4+ Kf4 51. Nd6 Kg4 52. Ne8 Kxh4 53. Nf6 Kxg5 1/2-1/2

[Event "AUS Masters GM"]
[Site "Melbourne AUS"]
[Date "2013.12.19"]
[Round "6.1"]
[White "Smirnov, Anton"]
[Black "Johansen, Darryl K."]
[Result "1-0"]
[WhiteTitle "FM"]
[BlackTitle "GM"]
[WhiteElo "2318"]
[BlackElo "2409"]
[WhiteFideId "3208923"]
[BlackFideId "3200035"]
[EventDate "2013.12.14"]
[EventType "tourn"]

1. e4 c5 2. Nf3 e6 3. d4 cxd4 4. Nxd4 Nf6 5. Nc3 d6 6. Be2 Be7 7. Be3 Nc6 8. O-O
O-O 9. f4 e5 10. Nb3 a5 11. a4 Nb4 12. Kh1 Bd7 13. fxe5 dxe5 14. Nd5 Nfxd5 15.
exd5 Qc7 16. c3 Na6 17. Nd2 Bc5 18. Bg5 f6 19. Bh4 Rad8 20. Bd3 Be8 21. Qg4 Kh8
22. Ne4 Be7 23. c4 Nc5 24. Nxc5 Bxc5 25. b3 Qf7 26. Bf2 b6 27. Rae1 Qh5 28. Qg3
Bg6 29. Bxc5 bxc5 30. Be2 Qh6 31. Qf2 Rc8 32. Bg4 Rce8 33. Qxc5 Qd2 34. Rxe5 h5
35. Rxe8 Rxe8 36. Be6 Rb8 37. Qd6 Rxb3 38. Qf8+ Kh7 39. Qg8+ Kh6 40. Qh8+ Kg5
41. h4+ Kxh4 42. Qxg7 Qg5 43. Qxf6 Qxf6 44. Rxf6 Be4 45. Kh2 Kg5 46. Rf2 Rc3 47.
d6 Rd3 48. d7 1-0